| 000 | 00000nam##2200000za#4500 |
| 001 | 9.637103 |
| 003 | CaOODSP |
| 005 | 20210624221039 |
| 007 | cr ||||||||||| |
| 008 | 150407|2009||||xxc|||||o f|0| 0 fre|d |
| 020 | |a978-1-100-93181-4 |
| 040 | |aCaOODSP|bfre |
| 043 | |an-cn--- |
| 086 | 1 |aHS64-9/2009F-PDF |
| 110 | 1 |aCanada.|bRessources humaines et Développement des compétences Canada. |bDirection générale de la politique stratégique et de la recherche. |
| 245 | 10|aÉvaluation sommative du Fonds d'intégration pour les personnes handicapées : |h[ressource électronique]|brapport final |
| 260 | |aGatineau - Québec : |bRessources humaines et Développement des compétences Canada. |cMai 2008. |
| 300 | |a109p.|bfigures, graphiques, tableaux |
| 590 | |a13-05-Supp|b2013-02-27 |
| 691 | 07|aPersonne handicapée|2gcpds |
| 775 | 08|tSummative evaluation of the Opportunities Fund for Persons with Disabilities : |w(CaOODSP)9.692895 |
| 856 | 40|ahttp://publications.gc.ca|qPDF|s496 Ko|uhttps://publications.gc.ca/collections/collection_2013/rhdcc-hrsdc/HS64-9-2009-fra.pdf |
| 986 | |aSP-AH-923-11-09F |